Anything but Liechtenstein Quiz Stats

 Plays Quiz Updated Jul 14, 2016

Score 0/37 Timer 06:00
74 Plays Today
Hint Answer % Correct
Are in (or partly in) the AlpsGermany
96.7%
Border AustriaGermany
96.7%
Are in (or partly in) the AlpsSwitzerland
95.7%
Border AustriaSwitzerland
95.6%
Are in (or partly in) the AlpsFrance
94.9%
Are in (or partly in) the AlpsItaly
94.4%
Border AustriaItaly
94.4%
Have a population under 50,000Vatican City
89.3%
Have a capital beginning with 'V'Vatican City
89.2%
Begin with 'L'Lithuania
88.1%
Begin with 'L'Latvia
88.1%
Have a capital beginning with 'V'Lithuania (Vilnius)
88.1%
Begin with 'L'Luxembourg
87.9%
Are in (or partly in) the AlpsAustria
87.3%
Have a capital beginning with 'V'Austria (Vienna)
87.3%
Begin with 'L'Laos
84.6%
Have a capital beginning with 'V'Laos (Vientiane)
84.6%
Border AustriaCzechia
84.3%
Border AustriaHungary
84.1%
Hint Answer % Correct
Are in (or partly in) the AlpsMonaco
82.8%
Have a population under 50,000Monaco
82.8%
Are in (or partly in) the AlpsSlovenia
80.5%
Border AustriaSlovenia
80.5%
Border AustriaSlovakia
79.8%
Begin with 'L'Liberia
76.1%
Have a population under 50,000San Marino
73.9%
Begin with 'L'Libya
73%
Begin with 'L'Lesotho
72.1%
Begin with 'L'Lebanon
65.5%
End in 'IN'Benin
57.4%
End in 'IN'Spain
55.5%
Have a population under 50,000Nauru
54.3%
Have a population under 50,000Tuvalu
50.8%
Have a population under 50,000Palau
50.7%
Have a capital beginning with 'V'Malta (Valletta)
49.4%
End in 'IN'Bahrain
34.7%
Have a capital beginning with 'V'Seychelles (Victoria)
24.5%

You're not logged in!

Compare scores with friends on all Sporcle quizzes.
OR
Log In

Show Comments

Extras

Top Quizzes Today


Score Distribution

Your Account Isn't Verified!

In order to create a playlist on Sporcle, you need to verify the email address you used during registration. Go to your Sporcle Settings to finish the process.

Report this User

Report this user for behavior that violates our Community Guidelines.

Details: